| 000 | 00527nam a22002297a 4500 | ||
|---|---|---|---|
| 005 | 20240809132731.0 | ||
| 008 | 160112b xxu||||| |||| 00| 0 spa d | ||
| 020 | _a9786074530445 | ||
| 041 | _aESP | ||
| 082 | _a794.1 F116m | ||
| 100 |
_aFranco Ocampos, Zenón _9234 |
||
| 245 | _aMás ajedrez solitario | ||
| 260 | _aMéxico | ||
| 260 | _bSelector | ||
| 260 | _c2009 | ||
| 300 | _a208 páginas | ||
| 650 | _aAJEDREZ | ||
| 650 | _aENSEÑANZA | ||
| 650 | _aJUEGOS DE DESTREZA | ||
| 942 |
_cBK _2ddc |
||
| 999 |
_c7301 _d7301 |
||